| 000 | 00431nam a2200157Ia 4500 | ||
|---|---|---|---|
| 008 | 230917s9999||||xx |||||||||||||| ||und|| | ||
| 040 |
_e241837 _aMAIN |
||
| 041 | _aEnglish | ||
| 082 | _a327.54073 P13B | ||
| 100 | _aPadam Singh | ||
| 245 | 0 | _aBharat ki pramanu niti aur Bharat-America sambandh | |
| 260 |
_aNew Delhi _bArjun Publishing House _c2017 |
||
| 300 | _a320 p. | ||
| 500 | _a2833 29/08/2017 Main Budget | ||
| 942 | _cBK | ||
| 999 |
_c23678 _d23678 |
||